00678nam a2200205 a 450000100060000000300090000600800410001502000140005604000280007008200160009810000230011424500370013726000420017430000100021665000240022665000420025094200120029299900170030495201510032113056CO-ViMGA141112s2004 ck r 000 u spa d a970170067 aCO-ViMGAbspacCO-ViMGA04a658.45 L8351 aLudlow, Ron91909810aLa escencia de la Comunicación aMexico : bHispanoAméricana, c1997 a156p.14aCOMUNICACION95253914aCOMUNICACION EN ADMINISTRACION919099 2ddccBK c23904d23904 01102ddc44708002aMEVIECARbMEVIECARd2015-12-04hVolumen. 1 | 11/jun/2009l0o658.45 L835 p13056r2015-12-04 00:00:00tEj. 1w2015-12-04yBK